000 01071nam a2200313 i 4500
001 C2-0329395
003 PPAK
005 20201125122709.0
008 141217s2008 my a|||| ||||| | may d
020 _a9789837028432
040 _aPPAK
_beng
_cPPAK
_erda
082 0 4 _a899.233
_223
090 0 0 _a899.233
_bSUR
_dG
090 0 0 _a899.233
_bSUR
_dK
100 0 _aSureini Ahmad,
_eauthor
245 1 0 _aMerah Silu /
_cSureini Ahmad ; Ilustrator Ramlan Suratman, Rosidi Sa'ari.
264 1 _aPutrajaya :
_bMajlis Buku Kebangsaan Malaysia ,
_c2008
300 _a30 pages :
_bcolour illustrations ;
_c28 cm
336 _2rdacontent
_atext
337 _2rdamedia
_aunmediated
338 _2rdacarrier
_avolume
490 1 _aSiri adaptasi daripada sejarah Melayu zaman prakegemilangan Melaka
650 1 0 _aChildren's Stories, Malay.
650 2 0 _aHistorical fiction, Malay.
700 0 _aRamlan Suratman,
_eillustrator.
700 0 _aRosidi Sa'ari,
_eillustrator.
830 0 _aSiri adaptasi daripada sejarah Melayu zaman prakegemilangan Melaka
942 _cB
_2ddc
999 _c128632
_d128632